| 000 | 00406 a2200157 4500 | ||
|---|---|---|---|
| 999 |
_c11371 _d11371 |
||
| 003 | OSt | ||
| 005 | 20230309101729.0 | ||
| 008 | 230309b ||||| |||| 00| 0 eng d | ||
| 020 | _a978-0060533229 | ||
| 082 | _a600BEN | ||
| 100 | _aJanine M Benyus | ||
| 245 | _aBiomimicry: innovation inspired by nature | ||
| 260 |
_bMariner Books _c2002 _aUSA |
||
| 300 |
_a307p.; _c1.83 x 13.49 x 20.32 cm |
||
| 942 | _2ddc | ||